Catàleg general dels instruments de descripció de l'Arxiu Municipal de Barcelona
Descripción Física:
VII, 160 p. ; 30 cm
MARC
| LEADER | 00000nam a2200000Ia 4500 | ||
|---|---|---|---|
| 001 | 12270 | ||
| 008 | 160829s1999 xx 000 0 cat d | ||
| 080 | |a A-1-96 | ||
| 110 | 2 | |a Arxiu Municipal de Barcelona |9 55021 | |
| 245 | |a Catàleg general dels instruments de descripció de l'Arxiu Municipal de Barcelona | ||
| 260 | |a Barcelona : |b Ajuntament de Barcelona, |c 1999 | ||
| 300 | |a VII, 160 p. ; |c 30 cm | ||
| 650 | |a Arxiu Municipal de Barcelona |x Catàlegs |x Instruments de descripció |9 37130 | ||
| 710 | 1 | |a Barcelona (Catalunya). |b Ajuntament |9 50981 | |
| 901 | |a Arxiu | ||
| 942 | |n 1 | ||
| 952 | |0 0 |1 0 |4 0 |6 A196 |7 1 |9 47689 |a Arxiu |b Arxiu |d 2016-12-01 |l 0 |o A-1-96 |p 12270 |r 2016-12-01 00:00:00 |w 2016-12-01 |y ARXIU | ||
| 999 | |c 51488 |d 51488 | ||